000 00557nam a2200193Ia 4500
003 GCL
008 140319s9999 xx 000 0 ara d
040 _aGCL /
_cGCL
082 0 4 _a823
_bد د
100 1 _aمختار السويفى
245 1 0 _aدافيد كوبرفيلد /
_cمختار السويفى
700 1 _aديكنز ، تشارلس
700 1 _aوست, مايكل
300 _a327 ص
490 _aمكتبة الاسرة
_v0
650 0 4 _aالقصص الانجليزية
650 0 4 _aالادب الانجليزى
942 _2ddc
_cBK
999 _c50805
_d50805